Statistics for A level Macroeconomics key terms Part 2

Click here to take the quiz!

General Stats

  • This quiz has been taken 34 times
  • The average score is 13 of 37

Answer Stats

HintAnswer% Correct
Sustained fall in general price levelDeflation
71%
A period of at least 6 months when a country suffers a fall in outputRecession
59%
A measure of the price level of a basket of goods and servicesCPI
53%
Rapid inflation; up to 50% per monthHyperinflation
53%
Inflation caused by increases in the costs of productionCost push
47%
Type of UE: Generated by a fall in demandCyclical
47%
Inflation caused by excess demand in the economyDemand pull
47%
Prolonged downturn in the economy where a nations GDP falls by at least 10%Depression
47%
People who are able, available, willing and actively searching for workUnemployment
47%
A period when the rate of real GDP is faster and higher than the long term trendBoom
41%
Type of UE: Temporary UE when people are between jobsFrictional
41%
Measures the value of all goods and services taking into account the rise in the general price levelReal GDP
41%
Type of UE: A mismatch of skillsStructural
41%
Short term fluctuations of National Output around its long term trendBusiness cycle
35%
A fall in the rate of inflationDisinflation
35%
The ease and ability of labour to move to places with high demand for labourGeographical mobility
35%
A concept that describes recessions that lead to a permanent downward shift in the trend growth of GDPHysteresis
35%
JSAJob Seekers Allowance
35%
The purchasing power of one currency in one economy compared to the purchasing power of the same currency in a different economyPurchasing Power Parity
35%
A phase after a recession during which rGDP starts to increase and unemployment starts to fallRecovery
35%
Type of UE: Variations in the level of employment due to seasonality of activitySeasonal
35%
The total value of goods and services produced by a country's residents at home or abroadGNI
29%
Trade in services, transfers of income and other payments or recieptsInvisible
29%
Deflation caused by a fall in ADMalign
29%
Measures the value of all goods and services produced at the market price level of the dayNominal GDP
29%
The more qualified, the more transferable skills one hasOccupational mobility
29%
Little incentive for workers with low income to earn extra income as it would result in higher tax and lower benefitsPoverty Trap
29%
Records all financial transactions made between consumers, businesses and the government in one country with another nationBalance of payments
24%
Deflation caused by a rise in ASBenign
24%
A concept that describes how recessionary periods can lead to opportunity and developmentCreative destruction
24%
Those who are underemployed or willing to take a job if offered, but not actively looking for oneHidden Unemployment
24%
When the level of actual GDP < trend growth GDPNegative output gap
24%
Type of UE: National Minimum Wage is too highReal Wage
24%
A weakening of the rate of growth; GDP is still rising but increasing at a slower rateSlowdown
24%
Trade in goodsVisible
24%
Type of UE: People refusing jobsVoluntary
24%
When the level of actual GDP > trend growth GDPPositive output gap
18%

Score Distribution

Percentile by Number Answered

Percent of People with Each Score

Your Score History

You have not taken this quiz